Situación actual y perspectivas de desarollo de Extremadura / (Record no. 43919)

MARC details
000 -LEADER
campo de control de longitud fija 01001nam a2200229 i 4500
001 - NÚMERO DE CONTROL
campo de control 43919
003 - IDENTIFICADOR DE NÚMERO DE CONTROL
campo de control ES-MaACL
005 - FECHA Y HORA DE LA ÚLTIMA TRANSACCIÓN
campo de control 20230906160917.0
007 - CAMPO FIJO DE DESCRIPCIÓN FÍSICA--INFORMACIÓN GENERAL
campo de control de longitud fija t|
008 - DATOS DE LONGITUD FIJA--INFORMACIÓN GENERAL
campo de control de longitud fija 030320s1976 sp ||||1| spa d
245 00 - MENCIÓN DEL TÍTULO
Título Situación actual y perspectivas de desarollo de Extremadura /
Mención de responsabilidad, etc. [dir. Carlos Cavero Beyard].
260 ## - PUBLICACIÓN, DISTRIBUCIÓN, ETC.
Lugar de publicación, distribución, etc. Madrid :
Nombre del editor, distribuidor, etc. Confederación Española de Cajas de Ahorros :
-- [A.G.E.S.A.],
Fecha de publicación, distribución, etc. [1976]
300 ## - DESCRIPCIÓN FÍSICA
Extensión 4 v. ;
Dimensiones 25 cm.
505 8# - NOTA DE CONTENIDO CON FORMATO
Nota de contenido con formato Contiene: T. I: Infraestructura y servicios. -- T. II: Análisis de los sectores productivos. -- T. III: Análisis sociológico. -- T. IV: Panorama regional y líneas de actuación futura
700 1# - ENTRADA AGREGADA--NOMBRE PERSONAL
Nombre de persona Cavero Beyard, Carlos.
9 (RLIN) 37183
710 2# - ENTRADA AGREGADA--NOMBRE DE ENTIDAD CORPORATIVA
Nombre de entidad corporativa o nombre de jurisdicción como elemento de entrada Confederación Española de Cajas de Ahorros.
9 (RLIN) 3148
740 0# - ENTRADA AGREGADA--TÍTULO RELACIONADO/ANALÍTICO NO CONTROLADO
Título relacionado o analítico no controlado Infraestructura y servicios.
740 0# - ENTRADA AGREGADA--TÍTULO RELACIONADO/ANALÍTICO NO CONTROLADO
Título relacionado o analítico no controlado Análisis de los sectores productivos.
740 0# - ENTRADA AGREGADA--TÍTULO RELACIONADO/ANALÍTICO NO CONTROLADO
Título relacionado o analítico no controlado Análisis sociológico.
740 0# - ENTRADA AGREGADA--TÍTULO RELACIONADO/ANALÍTICO NO CONTROLADO
Título relacionado o analítico no controlado Panorama regional y líneas de actuación futura.
852 ## - LOCALIZACIÓN
Ubicación ES-MaACL
Número de control de estantería L-3281-4
Sublocalización o colección R.104208
Holdings
Estatus retirado Estado de pérdida Estado de daño No para préstamo Biblioteca de origen Biblioteca actual Ubicación en estantería Fecha de adquisición Fuente de adquisición Total de préstamos Signatura topográfica completa Código de barras Visto por última vez Precio de reemplazo Tipo de ítem Koha
        Biblioteca del Ateneo de Madrid Biblioteca del Ateneo de Madrid Depósito 2 17/01/2008     L-3281-4 1046231 23/02/2023 23/02/2023 Libro impreso